000 00388 a2200133 4500
001 154152
040 _cEscola São Tomás de Aquino
240 1 0 _aDicionário escolar espanhol-português português espanhol
_lpor
245 1 0 _aDicionário escolar espanhol-português português espanhol
362 0 _a2002
440 1 _aMelhoramentos
697 _aDicionários espanhol
942 _cMATP
999 _c154152
_d154152